Fussball Stadien - Statistiken

Allgemein
  • Dieses Quiz wurde 100 mal gespielt
  • Das Durchschnittsergebnis liegt bei 5 aus 10
Antwortstatistiken
Bildquiz Antwort % Korrekt
Hertha BSC
85%
Werder Bremen
82%
Eintracht Frankfurt
71%
VFB Stuttgart
71%
1. FC Nürnberg
65%
Kaiserslautern
56%
Hannover 96
33%
Darmstadt 98
21%
SC Freiburg
16%
VFL Osnabrück
15%
Keine übereinstimmenden Quizze gefunden
Verteilung der Resultate
Anzahl Personen mit jedem Resultat
Perzentil nach korrekt beantworteten Fragen
Ihre Resultats-Entwicklung
Sie haben dieses Quiz noch nicht gespielt